Classement Premier League 2020-2021 - Statistiques

Statistiques générales
  • Ce quiz a été pris 621 fois
  • Le résultat moyen est 16 sur 20
Statistiques - réponses
Rang Équipes Points J. G. N. P. Diff. % Correct
3 Liverpool 69 38 20 9 9 +26
100%
1 Manchester City 86 38 27 5 6 +51
100%
2 Manchester United 74 38 21 11 6 +29
100%
4 Chelsea 67 38 19 10 9 +22
99%
8 Arsenal 61 38 18 7 13 +16
96%
7 Tottenham 62 38 18 8 12 +23
95%
5 Leicester 66 38 20 6 12 +18
88%
6 West Ham 65 38 19 8 11 +15
87%
10 Everton 59 38 17 8 13 -1
83%
11 Aston Villa 55 38 16 7 15 +9
77%
9 Leeds 59 38 18 5 15 +8
76%
12 Newcastle 45 38 12 9 17 -16
75%
16 Brighton 41 38 9 14 15 -6
73%
15 Southampton 43 38 12 7 19 -21
69%
13 Wolverhampton 45 38 12 9 17 -16
69%
14 Crystal Palace 44 38 12 8 18 -25
68%
17 Burnley 39 38 10 9 19 -22
65%
18 Fulham 28 38 5 13 20 -26
63%
20 Sheffield United 23 38 7 2 29 -43
63%
19 West Bromwich Albion 26 38 5 11 22 -41
18%
Aucun quiz correspondant
Distribution des résultats
% des personnes avec chaque résultat
Percentile par nombre de réponses
Votre historique - résultats
Vous n’avez pas pris ce quiz